Transformative Marketing (Record no. 4853)

MARC details
000 -CABECERA
campo de control de longitud fija 04803nam a22004455i 4500
001 - NÚMERO DE CONTROL
campo de control 991107399855206196
005 - FECHA Y HORA DE LA ÚLTIMA TRANSACCIÓN
campo de control 20250714144608.0
006 - CÓDIGOS DE INFORMACIÓN DE LONGITUD FIJA--CARACTERÍSTICAS DEL MATERIAL ADICIONAL
campo de control de longitud fija m o d |
007 - CAMPO FIJO DE DESCRIPCIÓN FÍSICA--INFORMACIÓN GENERAL
campo de control de longitud fija cr#cnu||||||||
008 - DATOS DE LONGITUD FIJA--INFORMACIÓN GENERAL
campo de control de longitud fija 240622s2024 sz | o |||| 0|eng d
020 ## - NÚMERO INTERNACIONAL ESTÁNDAR DEL LIBRO
Número Internacional Estándar del Libro 9783031596360
024 7# - IDENTIFICADOR DE OTROS ESTÁNDARES
Número estándar o código 10.1007/978-3-031-59637-7
Fuente del número o código doi
035 ## - NÚMERO DE CONTROL DEL SISTEMA
Número de control de sistema (MiAaPQ)EBC31501004
035 ## - NÚMERO DE CONTROL DEL SISTEMA
Número de control de sistema (Au-PeEL)EBL31501004
035 ## - NÚMERO DE CONTROL DEL SISTEMA
Número de control de sistema (CKB)32331491800041
035 ## - NÚMERO DE CONTROL DEL SISTEMA
Número de control de sistema (DE-He213)978-3-031-59637-7
035 ## - NÚMERO DE CONTROL DEL SISTEMA
Número de control de sistema (EXLCZ)9932331491800041
040 ## - FUENTE DE LA CATALOGACIÓN
Centro catalogador/agencia de origen MiAaPQ
Lengua de catalogación eng
Normas de descripción rda
-- pn
Centro/agencia transcriptor MiAaPQ
Centro/agencia modificador MiAaPQ
041 ## - CÓDIGO DE LENGUA
Código de lengua del texto/banda sonora o título independiente English
050 #4 - SIGNATURA TOPOGRÁFICA DE LA BIBLIOTECA DEL CONGRESO
Número de clasificación HF5415.1265
100 ## - ENTRADA PRINCIPAL--NOMBRE DE PERSONA
Nombre de persona Kumar, Vikas
9 (RLIN) 13743
245 10 - MENCIÓN DE TÍTULO
Título Transformative Marketing
Resto del título : Combining New Age Technologies and Human Insights
Mención de responsabilidad, etc. / by V. Kumar, Philip Kotler.
250 ## - MENCIÓN DE EDICIÓN
Mención de edición First edtion
264 #1 - PRODUCCIÓN, PUBLICACIÓN, DISTRIBUCIÓN, FABRICACIÓN Y COPYRIGHT
Producción, publicación, distribución, fabricación y copyright Cham :
Nombre del de productor, editor, distribuidor, fabricante Springer Nature Switzerland :
-- Imprint: Palgrave Macmillan,
Fecha de producción, publicación, distribución, fabricación o copyright 2024.
300 ## - DESCRIPCIÓN FÍSICA
Extensión 398 pages
490 1# - MENCIÓN DE SERIE
Mención de serie Palgrave Executive Essentials,
Número Internacional Normalizado para Publicaciones Seriadas 2731-5622
505 0# - NOTA DE CONTENIDO CON FORMATO
Nota de contenido con formato Transformative Marketing Has Begun — Transformative Marketing: A Marketing 5.0 Perspective — Transformative Marketing with Artificial Intelligence — Transformative Marketing with Generative Artificial Intelligence — Transformative Marketing with Machine Learning (ML) — Transformative Marketing with Metaverse — Transformative Marketing with Internet of Things (IoT) — Transformative Marketing with Robotics — Transformative Marketing using Drones — Transformative Marketing with Blockchain — Putting it All Together.
520 ## - SUMARIO, ETC.
Sumario, etc. This book gives an indispensable guide to navigating the shift in customer behavior and discovers how to rally their resources, cultivate capabilities, and forge strategies that harness cutting-edge technologies. In today's tech-centric world, customers crave lightning-fast digital experiences and demand instant solutions. In response, firms are changing the way they do business by accelerating the application of new age technologies, revamping processes, building new organizational structures, and innovating new business models. The authors unveil the secrets of integrating diverse data sources, principles of Marketing 5.0 and employing advanced techniques to unearth profound insights about the customers. This work is the ticket to the latest in AI, machine learning, drones, and other game-changing technologies. Stay ahead of the curve by learning not just what tech to use, but how, when, and why to deploy it in this digital age. For the trailblazers with the influence and resources to reshape marketing strategies, this book is the essential read. Executives climbing the corporate ladder will find it a compass, unraveling how new age technologies dance with both traditional and emerging marketing practices. And for MBA students hungry for insights on navigating the digital era's competitive landscape, this book is the treasure trove of tools and real-world cases. Dive in and chart the course in the tech-driven marketing landscape! Dr. V. Kumar (VK) is Professor of Marketing and the Goodman Academic-Industry Partnership Professor in the Goodman School of Business at Brock University, ON, Canada. VK has held several Endowed Distinguished Faculty Positions in the USA and Distinguished Fellowships across universities worldwide. VK has been honored as a Legend in Marketing through the 10-Volume Legends in Marketing series published by Sage Publications with commentaries from scholars worldwide. VK has published over 300 scholarly papers and over 30 books. The American Marketing Association has instituted the V Kumar Mentorship Award to honor his contributions in mentoring future generations of scholars. Dr. Philip Kotler is S.C. Johnson Distinguished Professor of International Marketing (emeritus) at the Kellogg School of Management, Northwestern University. He received his MA degree at the University of Chicago and Ph.D. Degree at MIT in economics. He published 90 books and 170 articles in leading journals. He has won many awards including the 9-Volume "Legends in Marketing" award. He consulted IBM, GE, AT&T, Honeywell, Bank of America, and Merck. He has been an AMA Director; a Drucker Foundation member. He received 22 honorary doctoral degrees. He has taught in Europe, Asia, and South America.
650 #0 - PUNTO DE ACCESO ADICIONAL DE MATERIA--TÉRMINO DE MATERIA
Término de materia o nombre geográfico como elemento de entrada Telemarketing
9 (RLIN) 3659
650 #0 - PUNTO DE ACCESO ADICIONAL DE MATERIA--TÉRMINO DE MATERIA
Término de materia o nombre geográfico como elemento de entrada Internet marketing
9 (RLIN) 1133
650 #0 - PUNTO DE ACCESO ADICIONAL DE MATERIA--TÉRMINO DE MATERIA
Término de materia o nombre geográfico como elemento de entrada Marketing research
9 (RLIN) 1465
650 #0 - PUNTO DE ACCESO ADICIONAL DE MATERIA--TÉRMINO DE MATERIA
Término de materia o nombre geográfico como elemento de entrada Business intelligence
9 (RLIN) 7978
650 #0 - PUNTO DE ACCESO ADICIONAL DE MATERIA--TÉRMINO DE MATERIA
Término de materia o nombre geográfico como elemento de entrada Customer relations
Subdivisión general Management
9 (RLIN) 9249
650 #0 - PUNTO DE ACCESO ADICIONAL DE MATERIA--TÉRMINO DE MATERIA
Término de materia o nombre geográfico como elemento de entrada Digital Marketing
9 (RLIN) 25727
650 #0 - PUNTO DE ACCESO ADICIONAL DE MATERIA--TÉRMINO DE MATERIA
Término de materia o nombre geográfico como elemento de entrada Consumer behavior
9 (RLIN) 997
700 ## - ENTRADA AGREGADA--NOMBRE PERSONAL
Nombre de persona Kotler, Philip
9 (RLIN) 1123
776 08 - ENTRADA DE FORMULARIO FÍSICO ADICIONAL
Información de relación/Frase instructiva de referencia Print version:
Encabezamiento principal Kumar, V.
Título Transformative Marketing
Lugar, editor y fecha de publicación Cham : Palgrave Macmillan,c2024
Número Internacional Estándar del Libro 9783031596360
830 #0 - PUNTO DE ACCESO ADICIONAL DE SERIE-TÍTULO UNIFORME
Título uniforme Palgrave Executive Essentials,
Número Internacional Normalizado para Publicaciones Seriadas 2731-5622
942 ## - ELEMENTOS DE ENTRADA AGREGADA (KOHA)
Fuente del sistema de clasificación o colocación Clasificación de Library of Congress
Holdings
Estado de retiro Estado de pérdida Fuente del sistema de clasificación o colocación Estado dañado No para préstamo Biblioteca de origen Biblioteca actual Fecha de adquisición Total de préstamos Signatura topográfica completa Fecha visto por última vez Número de copia Precio válido a partir de Tipo de ítem Koha Nota pública
    Clasificación de Library of Congress     TBS Barcelona TBS Barcelona 14/07/2025   HF5415.1265 KUM 14/07/2025 1 14/07/2025 Book SOON AVAILABLE

Powered by Koha